=LDR 00000nam 2200000 4500 =001 INLIS000000000037386 =005 20130612143123 =008 ***********************************Ind** =035 ##$$0010-061300000037386 =041 ##$$a Ind =082 ##$$a 2x5.4 =090 ##$$a 2x5.4, Pur m =100 ##$$a Purnawan, Ayub =245 ##$$a Memberi surga dengan kalimat Thayyibah, Ayub Purnawan; Penyunting, Trimawan tsb =260 ##$$a 2010 $b Yogyakarta =300 ##$$a 96 hlm., 22 cm =650 ##$$a Doa' Dan Wieid =700 ##$$a Trismawan tsb =850 ##$$a NBPNMAT